Catholic University of Zimbabwe Library
Online Public Access Catalogue
(OPAC)

EIB Working Papers 2019/04 - Can survey-based information help to assess investment gaps in the EU? (Record no. 32547)

MARC details
000 -LEADER
fixed length control field 02492nam a22004097a 4500
003 - CONTROL NUMBER IDENTIFIER
control field KnowledgeUnlatched
005 - DATE AND TIME OF LATEST TRANSACTION
control field 20210303104747.0
006 - FIXED-LENGTH DATA ELEMENTS--ADDITIONAL MATERIAL CHARACTERISTICS
fixed length control field m o d
007 - PHYSICAL DESCRIPTION FIXED FIELD--GENERAL INFORMATION
fixed length control field cr u||||||||||
008 - FIXED-LENGTH DATA ELEMENTS--GENERAL INFORMATION
fixed length control field 210129p20192020xx o u00| u eng d
037 ## - SOURCE OF ACQUISITION
Institution to which field applies BiblioBoard
020 ## - INTERNATIONAL STANDARD BOOK NUMBER
International Standard Book Number 9789286142345
024 8# - OTHER STANDARD IDENTIFIER
Standard number or code https://doi.org/10.2867/9430
029 1# - OTHER SYSTEM CONTROL NUMBER (OCLC)
OCLC library identifier https://library.biblioboard.com/ext/api/media/ec51aade-0e2d-466d-906b-beef5d9510a9/assets/thumbnail.jpg
040 ## - CATALOGING SOURCE
Original cataloging agency ScCtBLL
Transcribing agency ScCtBLL
100 1# - MAIN ENTRY--PERSONAL NAME
Personal name Dejuan, Daniel
Relator term author.
245 00 - TITLE STATEMENT
Title EIB Working Papers 2019/04 - Can survey-based information help to assess investment gaps in the EU?
Statement of responsibility, etc. Daniel Dejuan, European Investment Bank, Pana Alves, Laurent Maurin.
Number of part/section of a work Volume 2019/4
264 #1 - PRODUCTION, PUBLICATION, DISTRIBUTION, MANUFACTURE, AND COPYRIGHT NOTICE
Name of producer, publisher, distributor, manufacturer European Investment Bank,
300 ## - PHYSICAL DESCRIPTION
Extent 1 online resource (1 p.)
490 1# - SERIES STATEMENT
Series statement EIB Working Papers
506 0# - RESTRICTIONS ON ACCESS NOTE
Terms governing access Access copy available to the general public.
Standardized terminology for access restriction Unrestricted
Source of term star
520 ## - SUMMARY, ETC.
Summary, etc. Information from surveys can be used alongside macroeconomic indicators to provide a better understanding of the obstacles to investment faced by firms. This study uses merged firm level data from the European Investment Bank Investment Survey (EIBIS) and hard data from firms' balance sheets and profit and loss information to investigate how well survey results correlate with macro-based hard data. Firms' perceptions of impediments to investment tend to be related to firms' specific characteristics: firms that are smaller, more indebted, less profitable or with less liquidity, tend to report more impediments. Nonetheless, after controlling for firm specific characteristics, the investment gaps reported by firms remain correlated with the reported impediments.
588 0# - SOURCE OF DESCRIPTION NOTE
Source of description note Description based on print version record.
590 ## - LOCAL NOTE (RLIN)
Local note KU Open Services
650 #7 - SUBJECT ADDED ENTRY--TOPICAL TERM
Topical term or geographic name entry element Business & Economics / Finance
Source of heading or term bisacsh
650 #0 - SUBJECT ADDED ENTRY--TOPICAL TERM
Topical term or geographic name entry element Economics
655 #0 - INDEX TERM--GENRE/FORM
Genre/form data or focus term Electronic books.
700 1# - ADDED ENTRY--PERSONAL NAME
Personal name European Investment Bank
Relator term editor.
700 1# - ADDED ENTRY--PERSONAL NAME
Personal name Alves, Pana
Relator term author.
700 1# - ADDED ENTRY--PERSONAL NAME
Personal name Maurin, Laurent
Relator term author.
758 ## -
-- Is found in:
-- Knowledge Unlatched
-- https://openresearchlibrary.org/module/2774bc74-146a-484f-a7ba-ab1d6a09bbfb
830 0# - SERIES ADDED ENTRY--UNIFORM TITLE
Uniform title EIB Working Papers
856 40 - ELECTRONIC LOCATION AND ACCESS
Uniform Resource Identifier <a href="https://openresearchlibrary.org/content/ec51aade-0e2d-466d-906b-beef5d9510a9">https://openresearchlibrary.org/content/ec51aade-0e2d-466d-906b-beef5d9510a9</a>
Public note View this content on Open Research Library.
-- 0
Holdings
Withdrawn status Lost status Source of classification or shelving scheme Damaged status Not for loan Home library Current library Shelving location Date acquired Total Checkouts Date last seen Uniform Resource Identifier Price effective from Koha item type
          Digital Library Digital Library Online Access 03.03.2021   03.03.2021 https://openresearchlibrary.org/content/ec51aade-0e2d-466d-906b-beef5d9510a9 03.03.2021 eBook

OPENING HOURS

Weekdays: 0815hrs - 1800hrs
Weekends:0900hrs - 1200hrs

Closed for Mass:

Mon, Thur: 1200hrs - 1300hrs
Sunday & Public Holiday’s

CALL SUPPORT

0242-570570, 0242-570169
09200664, +263 8644140602

LOCATION

18443, Cranborne Avenue, Hatfield, Harare

Other Links


©2021 | CUZ Library